000
00329nam a22001337a 4500
005
20171211151722.0
008
171211b xxu||||| |||| 00| 0 eng d
040
_c
PK-LaUMT
082
_a
PKAC 297.7209561
_b
BAD-
245
_a
Badee-Uz-Zaman Said noorsi of Turkey/
260
_a
[ ]
_b
[ ]
_c
1974
300
_a
78 p.
942
_c
BK
999
_c
100692
_d
100692